| 000 | 00810nas a2200301 4500 | ||
|---|---|---|---|
| 001 | BR9200163 | ||
| 003 | BR-BrBNA | ||
| 005 | 20231205092224.0 | ||
| 007 | ta | ||
| 008 | 230509b bl.|||p| |||| 00| 00por d | ||
| 040 |
_aBR-BrBNA _bpor _cBiblioteca Nacional de Agricultura |
||
| 041 | _a(Pt) | ||
| 072 | _aF01 | ||
| 100 | 1 | _aMatiello, J.B. | |
| 100 | 1 | _aPereira, J.B.D. | |
| 100 | 1 | _aPinheiro, M.R. | |
| 100 | 1 | _aNetto, J. de O. | |
| 245 | 1 | _aEnxertia de copa em cafe conilon | |
| 650 | _aCAFE ROBUSTA | ||
| 650 | _aLAVOURA | ||
| 650 | _aGARFAGEM | ||
| 650 | _aPLASTICO | ||
| 650 | _aESPIRITO SANTO | ||
| 650 | _aRIO DE JANEIRO | ||
| 773 | 0 |
_tCafeicultura Moderna (Brazil) _x _g(Jul-Aug 1988), v. 1(2) p. 17-18 _wBR9200163 |
|
| 909 |
_a202311 _bLúcia _c55 _dLúcia Elande |
||
| 942 |
_2AGRIS _n0 _cANA |
||
| 999 |
_c130191 _d130191 |
||